| 000 | 00938cab a2200253 4500 | ||
|---|---|---|---|
| 001 | ABS55775 | ||
| 008 | 090401t1996 xxu||||| |||| 00| 0 eng d | ||
| 035 | _a(Sirsi) u18724 | ||
| 041 | _aeng | ||
| 100 | _aKazan-Allen, L. | ||
| 245 | _aAsbestos: an imminent hazard | ||
| 260 | _c1996 | ||
| 350 | _a0 | ||
| 490 |
_aJournal of Architectural Conservation _v2(2) July 1996, 57-71(15) |
||
| 520 | _aProvides an overview of asbestos-related problems in buildings. Discusses current thinking on asbestos removal and containment and looks ahead to future threats posed by asbestos in buildings. Lists relevant legislation. | ||
| 650 | _aMANAGEMENT-HEALTH AND SAFETY-HAZARDOUS SUBSTANCES-ASBESTOS | ||
| 650 | _aASBESTOSIS | ||
| 650 | _aBUILT ENVIRONMENT-BUILDING MATERIALS | ||
| 650 |
_aHEALTH AND SAFETY _96244 |
||
| 650 | _aHEALTH HAZARDS | ||
| 690 | _aBUILT ENVIRONMENT-BUILDING STANDARDS | ||
| 942 | _n0 | ||
| 948 | _c04/03/1997 | ||
| 999 |
_c12461 _d12461 |
||